Southville International School and Colleges
Your cart is empty.
  • Cart
  • Lists
    Public lists Eva Luna New books Lux_list list_1
    Your lists Log in to create your own lists
  • Log in to your account
  • Your cookies
  • Search history
Southville International School and Colleges
  • Advanced search
  • Recent comments
  • Most popular
  • Libraries

Log in to your account

Log in with GOOGLE


If you do not have an external account, but do have a local account, you can still log in:

  1. Home
  2. MARC view: Plenty of puppets to make /
Normal view MARC view ISBD view

Plenty of puppets to make / (Record no. 103404)

[ view plain ]
MARC details
000 -LEADER
fixed length control field 00685nam a2200193 a 4500
005 - DATE AND TIME OF LATEST TRANSACTION
control field 20140412111301.0
008 - FIXED-LENGTH DATA ELEMENTS--GENERAL INFORMATION
fixed length control field 000824s19uu xx 00 eng d
020 ## - INTERNATIONAL STANDARD BOOK NUMBER
International Standard Book Number 0-89375-433-1
050 ## - LIBRARY OF CONGRESS CALL NUMBER
Classification number TR(GS 745.59'24
Item number S96 1981
100 ## - MAIN ENTRY--PERSONAL NAME
Personal name Supraner, Robyn
245 ## - TITLE STATEMENT
Title Plenty of puppets to make /
Statement of responsibility, etc Robyn Supraner and Lauren Supraner ; illustrated by Renzo Barto.
260 ## - PUBLICATION, DISTRIBUTION, ETC. (IMPRINT)
Place of publication, distribution, etc U. S. A :
Name of publisher, distributor, etc Troll Associates,
Date of publication, distribution, etc 1981.
300 ## - PHYSICAL DESCRIPTION
Extent 47 p.
520 ## - SUMMARY, ETC.
Summary, etc Instructions for making puppets from milk cartons, cereal boxes, paper plates, egg cartons, and other materials.
650 ## - SUBJECT ADDED ENTRY--TOPICAL TERM
Topical term or geographic name as entry element Puppet making-Juvenile literature
650 ## - SUBJECT ADDED ENTRY--TOPICAL TERM
Topical term or geographic name as entry element Puppet making
650 ## - SUBJECT ADDED ENTRY--TOPICAL TERM
Topical term or geographic name as entry element Handicraft
Holdings
Withdrawn status Lost status Damaged status Home library Current library Shelving location Date acquired Source of acquisition Cost, normal purchase price Total Checkouts Full call number Barcode Date last seen Price effective from Koha item type
      Elizalde Library Elizalde Library Teachers Reference Section 08/24/2000   78.00   TR(GS 745.59'24 S96 1981 E4741 04/12/2014 04/12/2014 Books

Plenty of puppets to make /

APA

Supraner R., . (1981). Plenty of puppets to make. U. S. A: Troll Associates.

Chicago

Supraner Robyn, . 1981. Plenty of puppets to make. U. S. A: Troll Associates.

Harvard

Supraner R., . (1981). Plenty of puppets to make. U. S. A: Troll Associates.

MLA

Supraner Robyn, . Plenty of puppets to make. U. S. A: Troll Associates. 1981.

  • Place hold
  • Print
  • Cite
  • Add to your cart (remove)
  • Save record
    BIBTEX Dublin Core MARCXML MARC (non-Unicode/MARC-8) MARC (Unicode/UTF-8) MARC (Unicode/UTF-8, Standard) MODS (XML) RIS
  • More searches
    Search for this title in:
    Other Libraries (WorldCat) Other Databases (Google Scholar) Online Stores (Bookfinder.com) Open Library (openlibrary.org)

Exporting to Dublin Core...

SOUTHVILLE LIBRARY

Southville International School and Colleges Library

1281 Tropical Ave. Cor. Luxembourg St., BF Homes International, Las Pinas City

Tel. No. 8256374 / 252358 Loc. 117/146

Powered by Koha